00521nam a2200205 a 4500001001300000003000900013005001700022008004100039020001000080082001600090100002100106245001900127260003700146300001000183500003500193505001000228650003600238650002000274700002100294nice12345678IN_TiNIC20260116011515.0050524s1927 luca grp 000 0 ara  ac10000a297.82bHAS aHassan, Syed Aqa aTuhfatul Awam. aLucknowbSadiq Book Agencyc1927 a384p. aincludes index and biblioraphy2 aIndex aIslam-Sects-conflicts-ahmadiyya aShiah-Doctrines1 aHassan, Syed Aqa